| 000 | 00503nam a2200157Ia 4500 | ||
|---|---|---|---|
| 008 | 160316s2009 xxu||||| |||| 00| 0 eng d | ||
| 082 |
_a340.110000 _bTRU |
||
| 100 | _aTrubek David M | ||
| 245 | _aThe new law and economic development : A critical appraisal | ||
| 250 | _a | ||
| 260 |
_acam _bCambridge University Press _c2009 |
||
| 300 |
_a309p _b _cvii |
||
| 365 | _b Rs. 1,749 | ||
| 650 | _a1. Law & Economic Development 2. Rule Of Law 3. International Economic Relations | ||
| 700 |
_aSantos Alvaro _a |
||
| 999 |
_c28292 _d28292 |
||